| 000 | 00686nam a22002297a 4500 | ||
|---|---|---|---|
| 005 | 20170124110045.0 | ||
| 010 | _aA-423234 | ||
| 020 | _c00.00 | ||
| 035 | _aA-423234 | ||
| 037 | _bCen Lib/Ret | ||
| 040 |
_aDPL _bEN |
||
| 082 |
_a808.0669 _bCHI |
||
| 100 |
_aChitins, K.N. _924462 |
||
| 245 |
_aResearch methodology in History / _cby K.N. Chitnis |
||
| 260 |
_aNew Delhi _bAtlantic Publishers & Distributors _c1990 |
||
| 270 |
_a4215/1, Ansari Road, Daryaganj _bNew Delhi _e110002 |
||
| 300 |
_a151p. _c21cm(Hb) |
||
| 500 | _aIncludes index. | ||
| 650 |
_aHistoriography _924463 |
||
| 650 |
_aHistory--Methodology _924464 |
||
| 942 |
_2ddc _cEN _h808.0669 _mCHI |
||
| 999 |
_c128796 _d128796 |
||